| 000 | 01009nam a2200289 4500 | ||
|---|---|---|---|
| 003 | DO-SdBNP | ||
| 005 | 20220920125752.0 | ||
| 008 | 180126b2005 mx 00| 0 spa d | ||
| 020 | _a9681913655 | ||
| 040 |
_aBPMSU _bspa _cBPMSU |
||
| 082 | 4 |
_a320.01 _bS549f 2005 _222 |
|
| 092 | _2 | ||
| 100 | 1 | _aShepsle, Kenneth A. | |
| 245 |
_a Las fórmulas de la política : _binstituciones, racionalidad y comportamiento / _cKenneth A. Shepsle y Mark S. Bonchek ; traducción de Mario Zamudio |
||
| 260 |
_aMéxico, D.F. : _bTaurus, _c2005 |
||
| 300 |
_a469 p. ; _c24 cm. |
||
| 500 | _3Incluye referencias bibliográficas y notas al pie de las páginas | ||
| 534 |
_aTítulo original : _tAnalyzing politics |
||
| 590 | _6Inventariado, 2022/VM | ||
| 650 |
_aCiencia política _xMetodología |
||
| 650 | 4 | _aFilosofía política. | |
| 700 | 1 | _aBonchek, Mark S., | |
| 910 | _aVMateob V. / Validado | ||
| 942 |
_2ddc _cBK |
||
| 945 | _aInventariado extranjero / 2018 VM | ||
| 956 |
_aVMATEO _b10 _c20180126 _dBPMSU _f0069 |
||
| 999 |
_c13246 _d13246 |
||